000 00260nam a2200109Ia 4500
008 220216s9999 xx 000 0 und d
100 _aNair A N S
245 0 _aTappu cheyyunna rubberinu valaprayogam
260 _bRubber
_c2007
300 _a31-33
942 _cBS
999 _c48577
_d48577